| 000 | 00839nmm a2200253 a 4500 | ||
|---|---|---|---|
| 001 | ocm000700899 | ||
| 003 | TR-IsHL | ||
| 005 | 20201028135116.0 | ||
| 008 | 131203s1994 tu eng | ||
| 007 | cr cn | ||
| 035 |
_a700899 _b(N$T) |
||
| 050 | 0 | 4 |
_aHG4521 _b.E53 1994 |
| 090 | 0 | 4 |
_aHG4521 _b.E53 1994 |
| 245 | 1 | 0 |
_aEncouragement of investments _h[electronic resource] / _cİstanbul Ticaret Odası |
| 260 |
_aİstanbul : _bİstanbul Ticaret Odası, _c1994 |
||
| 300 | _a28 p. | ||
| 650 | 4 | _aEkonomi ve Finans | |
| 650 | 4 | _aEconomics and Finance | |
| 650 | 0 | _aYatırımlar | |
| 650 | 0 | _aInvestments | |
| 650 | 7 |
_aBUSINESS & ECONOMICS / Investments & Securities / General _2bisacsh |
|
| 700 | 1 | _aİstanbul Ticaret Odası | |
| 856 | 4 | 0 | _uhttp://search.ebscohost.com/login.aspx?direct=true&scope=site&db=e011xww&AN=700899 |
| 999 |
_c6561 _d6561 |
||